000 00302 a2200133 4500
000 nam a22 7a 4500
100 _aBorade,J.A
110 _aBorade,J.A
245 _aHEALTH AND PHYSICAL EDUCATION
250 _alatest edition
260 _bsatyam
_c2025
264 _bsatyam
_c2025
942 _cBK
999 _c396248
_d396248